00349pab a2200121 454500008004000000100002300040245007800063260000900141300001500150650001000165700002100175773003100196180718b2000 xxu||||| |||| 00| 0 eng d aGomez-Lobo, Andres aWater subsidy policies: a comparison of the Chilean and Colombian schemes c2000 ap.391-407. aWater aContreras, Dante aWorld Bank Economic Review